[Event "Rated Blitz tournament lKfGoWCF"]
[Site "?"]
[Date "2021.10.09"]
[Round "?"]
[White "Magic_Chess_by"]
[Black "Artem_0degov"]
[Result "0-1"]
[WhiteElo "2490"]
[BlackElo "2672"]
[PlyCount "78"]
[EventDate "2021.??.??"]
[EventType "blitz"]

1. e4 e5 2. Nf3 d5 3. exd5 e4 4. Ne5 Qxd5 5. d4 exd3 6. Nxd3 Nf6 7. Nc3 Qa5 8.
Be2 Nc6 9. O-O Bd6 10. Re1 Be6 11. Bf3 O-O-O 12. a3 Qf5 13. Ne4 Nd4 14. Nxd6+
Rxd6 15. Bf4 Rdd8 16. Be5 Rhe8 17. Bxd4 Rxd4 18. Re5 Rxd3 19. Qxd3 Qxe5 20. h3
Bd5 21. Rd1 Bxf3 22. Qxf3 Rd8 23. Rd3 Qe4 24. Rxd8+ Kxd8 25. Qd1+ Qd5 26. Qc1
Ne4 27. Qe3 Qd1+ 28. Kh2 Qd6+ 29. g3 f5 30. Kg2 Qd2 31. Qf3 Qxc2 32. Qxf5 Qxf2+
33. Qxf2 Nxf2 34. Kxf2 Ke7 35. Ke3 Ke6 36. Ke4 c5 37. b3 b5 38. a4 a6 39. g4 g5
{Normal} 0-1

[Event "Rated Blitz game"]
[Site "?"]
[Date "2021.10.09"]
[Round "?"]
[White "Licenciadomate"]
[Black "RCompany_1"]
[Result "1/2-1/2"]
[WhiteElo "2561"]
[BlackElo "2469"]
[PlyCount "126"]
[EventDate "2021.??.??"]
[EventType "blitz"]

1. e4 e5 2. Nf3 d5 3. Nxe5 Bd6 4. Nf3 dxe4 5. Qe2 Nf6 6. d3 Qe7 7. dxe4 Nxe4 8.
Nbd2 Bf5 9. Nxe4 Bxe4 10. Be3 O-O 11. O-O-O Nc6 12. Qc4 Rfe8 13. Be2 Bxf3 14.
gxf3 Ne5 15. Qb3 Qe6 16. Qxe6 Rxe6 17. f4 Nc6 18. Rhg1 Bxf4 19. Bxf4 Rxe2 20.
Be3 Re8 21. a3 g6 22. Rd7 f5 23. Kd1 R2xe3 24. fxe3 Rxe3 25. Rxc7 Re7 26. Rxe7
Nxe7 27. c3 Kf7 28. Ke2 Kf6 29. Rd1 Ke6 30. b4 b5 31. h4 h6 32. Kd3 g5 33. Re1+
Kd6 34. c4 bxc4+ 35. Kxc4 f4 36. Kd4 g4 37. Ke4 f3 38. Kf4 h5 39. Kg3 Nd5 40.
Rc1 Ne3 41. Rc5 a6 42. Rxh5 Ke6 43. Rh8 Nf5+ 44. Kf2 Ke5 45. Re8+ Kf4 46. Rf8
g3+ 47. Kf1 Ke4 48. h5 Ne3+ 49. Kg1 f2+ 50. Rxf2 gxf2+ 51. Kxf2 Nf5 52. a4 Kd4
53. b5 axb5 54. a5 Kc5 55. Kf3 Kc6 56. Kf4 Ng7 57. h6 Ne6+ 58. Kf5 Nf8 59. Kf6
b4 60. Kg7 Ne6+ 61. Kf6 Nf8 62. Kg7 Ne6+ 63. Kf6 Nf8 {Normal} 1/2-1/2

[Event "Rated Blitz game"]
[Site "?"]
[Date "2021.10.09"]
[Round "?"]
[White "Old-school-chess"]
[Black "Annali-annaliew1979"]
[Result "0-1"]
[WhiteElo "2357"]
[BlackElo "2403"]
[PlyCount "56"]
[EventDate "2021.??.??"]
[EventType "blitz"]

1. e4 e5 2. Nf3 d5 3. Nc3 dxe4 4. Nxe4 f5 5. Ng3 e4 6. Ne5 Nf6 7. d4 Be6 8. Bg5
Bd6 9. Bc4 Bxc4 10. Nxc4 Bxg3 11. hxg3 Nc6 12. c3 h6 13. Qb3 Rb8 14. Qb5 O-O
15. Bxh6 gxh6 16. Rxh6 Kg7 17. Rh1 Qd5 18. Qb3 b5 19. Nd2 Qxb3 20. Nxb3 Rh8 21.
O-O-O Ng4 22. Rhf1 Rh2 23. Nc5 Re8 24. Rde1 Rxg2 25. f3 Nh2 26. fxe4 Nxf1 27.
Rxf1 fxe4 28. Nd7 e3 {Normal} 0-1

[Event "Rated Blitz game"]
[Site "?"]
[Date "2021.10.09"]
[Round "?"]
[White "Contin62"]
[Black "Lorian2514"]
[Result "1-0"]
[WhiteElo "2435"]
[BlackElo "2553"]
[PlyCount "73"]
[EventDate "2021.??.??"]
[EventType "blitz"]

1. e4 e5 2. Nf3 d5 3. d4 dxe4 4. Nxe5 Bd6 5. Nc3 Nf6 6. Bc4 O-O 7. O-O h6 8. f3
exf3 9. Qxf3 Be7 10. Be3 Nc6 11. Nxc6 bxc6 12. Qxc6 Rb8 13. Qf3 Rxb2 14. Bb3
Be6 15. Bc1 Bxb3 16. Bxb2 Bxc2 17. d5 Qb8 18. Bc1 Re8 19. Kh1 Qb4 20. Bd2 Qd4
21. Qf2 Qd3 22. Qe3 Qg6 23. Qxa7 Bd6 24. Rae1 Rxe1 25. Rxe1 Ng4 26. h3 Qh5 27.
Qd4 Ne5 28. Ne4 Qh4 29. Bc3 Qh5 30. Nxd6 cxd6 31. Qe3 Nc4 32. Qd4 Ne5 33. Qd2
Qg6 34. Bxe5 dxe5 35. d6 Qf6 36. d7 Qd8 37. Rxe5 {Normal} 1-0

[Event "Rated Blitz tournament lKfGoWCF"]
[Site "?"]
[Date "2021.10.09"]
[Round "?"]
[White "daaleksandrov"]
[Black "Artem_0degov"]
[Result "0-1"]
[WhiteElo "2394"]
[BlackElo "2716"]
[PlyCount "44"]
[EventDate "2021.??.??"]
[EventType "blitz"]

1. e4 e5 2. Nf3 d5 3. Nxe5 Bd6 4. d4 dxe4 5. Bc4 Bxe5 6. Qh5 Qe7 7. Qxe5 Qxe5
8. dxe5 Nc6 9. Bf4 Nge7 10. e6 Bxe6 11. Bxe6 fxe6 12. Bxc7 Rc8 13. Bd6 Nf5 14.
Bf4 Ncd4 15. Na3 Nxc2+ 16. Nxc2 Rxc2 17. O-O O-O 18. Rae1 Nd4 19. Be5 Ne2+ 20.
Kh1 Rf5 21. Bb8 a6 22. Rd1 Rd5 {Normal} 0-1

[Event "Rated Blitz game"]
[Site "?"]
[Date "2021.10.09"]
[Round "?"]
[White "Radovanovic64"]
[Black "RCompany_1"]
[Result "1-0"]
[WhiteElo "2545"]
[BlackElo "2480"]
[PlyCount "115"]
[EventDate "2021.??.??"]
[EventType "blitz"]

1. e4 e5 2. Nf3 d5 3. Nxe5 Bd6 4. d4 dxe4 5. Nc4 Be7 6. Nc3 Nf6 7. Be2 Nc6 8.
Be3 Nb4 9. Qd2 O-O 10. Bg5 Re8 11. Ne3 c6 12. a3 Nbd5 13. Ncxd5 Nxd5 14. Bxe7
Qxe7 15. O-O f5 16. Nxd5 cxd5 17. f4 Bd7 18. c4 Bc6 19. c5 b6 20. b4 bxc5 21.
dxc5 Qf6 22. Rfd1 e3 23. Qd4 Re4 24. Qxf6 gxf6 25. g3 d4 26. Bf3 Rd8 27. a4 d3
28. b5 e2 29. Bxe2 Rxe2 30. bxc6 Rc8 31. Rxd3 Rxc6 32. Rd5 Rc2 33. Rb1 R2xc5
34. Rxc5 Rxc5 35. Rb8+ Kg7 36. Rb7+ Kg6 37. Rxa7 Rc2 38. a5 Ra2 39. a6 h6 40.
Ra8 Kh5 41. h3 Kg6 42. a7 Kg7 43. Kf1 h5 44. Ke1 h4 45. gxh4 Kh7 46. h5 Kg7 47.
Kd1 Kh7 48. Kc1 Kg7 49. h6+ Kh7 50. Kb1 Ra6 51. Kb2 Rb6+ 52. Kc3 Rb7 53. Rh8+
Kg6 54. a8=Q Rc7+ 55. Kd3 Kh5 56. Qf3+ Kh4 57. Qf2+ Kh5 58. Rg8 {Time forfeit}
1-0

[Event "Rated Blitz tournament lKfGoWCF"]
[Site "?"]
[Date "2021.10.09"]
[Round "?"]
[White "Kasandra123"]
[Black "Artem_0degov"]
[Result "0-1"]
[WhiteElo "2345"]
[BlackElo "2686"]
[PlyCount "54"]
[EventDate "2021.??.??"]
[EventType "blitz"]

1. e4 e5 2. Nf3 d5 3. exd5 e4 4. Qe2 Nf6 5. d3 Bb4+ 6. c3 O-O 7. dxe4 Bd6 8.
Bg5 Re8 9. Bxf6 Qxf6 10. Nbd2 c6 11. dxc6 Nxc6 12. g3 Bg4 13. Bg2 Rad8 14. O-O
Bb8 15. h3 Bh5 16. g4 Bg6 17. Rfe1 Qf4 18. Nf1 Bxe4 19. Ng3 f5 20. gxf5 Bd5 21.
Qd2 Rxe1+ 22. Rxe1 Qxd2 23. Nxd2 Bxg2 24. Nc4 Bd5 25. Na3 Bxa2 26. c4 Ne5 27.
f4 Nf3+ {Normal} 0-1

[Event "Rated Blitz game"]
[Site "?"]
[Date "2021.10.09"]
[Round "?"]
[White "Colin20"]
[Black "Lorian2514"]
[Result "1-0"]
[WhiteElo "2466"]
[BlackElo "2571"]
[PlyCount "123"]
[EventDate "2021.??.??"]
[EventType "blitz"]

1. e4 e5 2. Nf3 d5 3. Nxe5 Bd6 4. d4 dxe4 5. Bc4 Bxe5 6. Qh5 Qe7 7. Qxe5 Qxe5
8. dxe5 Nc6 9. Nc3 Nxe5 10. Bb3 Bf5 11. Bf4 f6 12. Bxe5 fxe5 13. O-O-O c6 14.
Bxg8 Rxg8 15. Rhe1 Rd8 16. Nxe4 Rxd1+ 17. Kxd1 Kd7 18. Nc5+ Kd6 19. Nxb7+ Kd5
20. Na5 e4 21. c4+ Kc5 22. a3 Rc8 23. Kc1 Kb6 24. b4 c5 25. Rd1 cxb4 26. axb4
Rf8 27. Rd6+ Kc7 28. Rc6+ Kb8 29. Rd6 Kc7 30. Rd2 a6 31. Kb2 Re8 32. Nb3 e3 33.
fxe3 Rxe3 34. Nd4 Bd7 35. Re2 Rd3 36. Nb3 Kd6 37. Rd2 Rxd2+ 38. Nxd2 Ke5 39.
Kc3 g5 40. g3 h5 41. c5 Bc6 42. Kd3 Kd5 43. Ne4 h4 44. Nxg5 hxg3 45. hxg3 Ke5
46. Nf7+ Kf6 47. Nd6 Ke5 48. Kc4 Bd5+ 49. Kd3 Bc6 50. Ke3 Kd5 51. g4 a5 52. b5
Bxb5 53. Nxb5 Kxc5 54. Nc3 Kd6 55. Kf4 Ke6 56. g5 Ke7 57. Kf5 Kf7 58. Na4 Kg7
59. g6 Kg8 60. Kf6 Kf8 61. Nc3 Kg8 62. g7 {Normal} 1-0

[Event "Rated Blitz game"]
[Site "?"]
[Date "2021.10.09"]
[Round "?"]
[White "khatkevich71"]
[Black "Litigator94"]
[Result "1-0"]
[WhiteElo "2422"]
[BlackElo "2532"]
[PlyCount "65"]
[EventDate "2021.??.??"]
[EventType "blitz"]

1. e4 e5 2. Nf3 d5 3. exd5 e4 4. Nd4 c5 5. Nb3 Nf6 6. c4 Bd6 7. Nc3 Ng4 8. d4
Qf6 9. Nxe4 Qe7 10. Qe2 O-O 11. dxc5 Bxh2 12. f3 Qh4+ 13. Kd1 Re8 14. Bf4 Rxe4
15. fxe4 Nf2+ 16. Kc2 Qxf4 17. Rxh2 Bg4 18. Qd2 Qxh2 19. Qxf2 Na6 20. a3 Qe5
21. Bd3 Rc8 22. Rf1 Bh5 23. Qf5 Qxf5 24. Rxf5 Bg6 25. Re5 Kf8 26. d6 f6 27. Re7
b6 28. Rxa7 Nxc5 29. Nxc5 bxc5 30. b4 cxb4 31. axb4 h5 32. c5 h4 33. d7 {Normal
} 1-0

[Event "Rated Blitz game"]
[Site "?"]
[Date "2021.10.09"]
[Round "?"]
[White "vovchik39"]
[Black "Annali-annaliew1979"]
[Result "1/2-1/2"]
[WhiteElo "2453"]
[BlackElo "2432"]
[PlyCount "105"]
[EventDate "2021.??.??"]
[EventType "blitz"]

1. e4 e5 2. Nf3 d5 3. exd5 e4 4. Qe2 f5 5. d3 Nf6 6. Nc3 Bb4 7. Bg5 Bxc3+ 8.
bxc3 O-O 9. Bxf6 Qxf6 10. Nd4 c5 11. dxc6 Nxc6 12. dxe4 fxe4 13. Qe3 Bg4 14.
Bc4+ Kh8 15. O-O Ne5 16. Be2 Bxe2 17. Qxe2 Qg6 18. Kh1 Rae8 19. Rae1 Ng4 20. h3
Nf6 21. Qb5 e3 22. Rxe3 Rxe3 23. fxe3 h6 24. Qxb7 Re8 25. Nf5 Ne4 26. Kg1 Qg5
27. Qxa7 Rf8 28. Qxg7+ Qxg7 29. Nxg7 Rxf1+ 30. Kxf1 Kxg7 31. c4 Kf6 32. a4 Nc5
33. a5 Ke5 34. Ke2 Ke4 35. g3 Na6 36. Kf2 Nb4 37. c3 Nd3+ 38. Ke2 Nc5 39. g4
Na6 40. Kf2 Nc5 41. h4 Na6 42. Kg3 Nc5 43. g5 hxg5 44. hxg5 Kf5 45. Kf3 Kxg5
46. e4 Kf6 47. Kf4 Ke6 48. e5 Nd3+ 49. Ke4 Nxe5 50. a6 Nd7 51. a7 Nc5+ 52. Kd4
Nb3+ 53. Ke4 {Normal} 1/2-1/2

[Event "Rated Blitz tournament wmsrjTop"]
[Site "?"]
[Date "2021.10.09"]
[Round "?"]
[White "DumaSlaska"]
[Black "batasjon"]
[Result "0-1"]
[WhiteElo "2323"]
[BlackElo "2419"]
[PlyCount "108"]
[EventDate "2021.??.??"]
[EventType "blitz"]

1. e4 e5 2. Nf3 d5 3. exd5 e4 4. Qe2 Nf6 5. Nc3 Be7 6. Nxe4 O-O 7. d3 Re8 8.
Qd1 Qxd5 9. Nc3 Qe6+ 10. Be2 Bb4 11. Be3 Nd5 12. Qd2 Nxe3 13. fxe3 Qxe3 14.
Qxe3 Rxe3 15. Kd2 Re8 16. Rae1 Nc6 17. a3 Ba5 18. b4 Bb6 19. Nd5 Be6 20. Nxb6
axb6 21. Ra1 h6 22. c3 g5 23. Rhe1 Red8 24. Kc2 Bf5 25. Red1 Re8 26. Re1 Rad8
27. Rad1 Bh7 28. Rd2 g4 29. Ng1 Ne5 30. h3 h5 31. hxg4 hxg4 32. Red1 Nc4 33.
Kb3 Nxd2+ 34. Rxd2 f5 35. d4 Kg7 36. c4 Re3+ 37. Kb2 Bg8 38. d5 b5 39. cxb5
Rxd5 40. Rc2 Rd7 41. a4 Bd5 42. a5 Bxg2 43. Bc4 Be4 44. Rc3 Rd2+ 45. Kb3 Re1
46. a6 bxa6 47. bxa6 Rxg1 48. a7 Ra1 49. Ba6 Rxa6 50. Rxc7+ Kf6 51. b5 Ra1 52.
b6 Rda2 53. Rc8 Rxa7 54. bxa7 Rxa7 {Time forfeit} 0-1

[Event "Rated Blitz game"]
[Site "?"]
[Date "2021.10.09"]
[Round "?"]
[White "HaveOCD"]
[Black "Benny_Watts_2005"]
[Result "1-0"]
[WhiteElo "2434"]
[BlackElo "2421"]
[PlyCount "67"]
[EventDate "2021.??.??"]
[EventType "blitz"]

1. e4 e5 2. Nf3 d5 3. Nxe5 Bd6 4. d4 dxe4 5. Bc4 Bxe5 6. Qh5 Qe7 7. dxe5 Nc6 8.
Bg5 Qb4+ 9. Nd2 Nxe5 10. Bb3 Bg4 11. Qh4 f6 12. Be3 O-O-O 13. h3 Bf5 14. Qf4
Ne7 15. g4 Bg6 16. O-O-O Kb8 17. h4 h5 18. g5 Rhf8 19. gxf6 gxf6 20. Kb1 a5 21.
a3 Qb5 22. Nxe4 Qc6 23. Nc3 Nf5 24. Bd5 Qe8 25. Bc5 Nd6 26. Rhe1 Qd7 27. Qd4
Rfe8 28. a4 b6 29. Bxb6 cxb6 30. Qxb6+ Nb7 31. Nb5 Bxc2+ 32. Kxc2 Rc8+ 33. Kb1
Nd3 34. Qa7# {Normal} 1-0

[Event "Rated Blitz game"]
[Site "?"]
[Date "2021.10.09"]
[Round "?"]
[White "Dr_Miro_aliraqi"]
[Black "Annali-annaliew1979"]
[Result "1-0"]
[WhiteElo "2387"]
[BlackElo "2441"]
[PlyCount "77"]
[EventDate "2021.??.??"]
[EventType "blitz"]

1. e4 e5 2. Nf3 d5 3. d4 dxe4 4. Nxe5 Bd6 5. Bc4 Bxe5 6. Qh5 Qe7 7. Qxe5 Qxe5
8. dxe5 Nc6 9. O-O Nxe5 10. Bb3 Ne7 11. Nc3 Bf5 12. Re1 O-O-O 13. Bg5 f6 14.
Bf4 N7g6 15. Bg3 Rhe8 16. Nxe4 Nc6 17. f3 Nd4 18. Rad1 Bxe4 19. fxe4 Nxb3 20.
Rxd8+ Kxd8 21. cxb3 Ne5 22. Bxe5 Rxe5 23. Kf2 Kd7 24. Re2 c6 25. Ke3 Ke6 26. g4
h5 27. h3 hxg4 28. hxg4 Rc5 29. Rf2 Rc1 30. Kf4 Re1 31. Rd2 g5+ 32. Kf3 Rf1+
33. Ke3 Rf4 34. Rg2 Ke5 35. Rd2 Rxe4+ 36. Kf3 Rd4 37. Re2+ Kd6 38. Re8 Rd2 39.
Rd8+ {Normal} 1-0

[Event "Rated Blitz game"]
[Site "?"]
[Date "2021.10.09"]
[Round "?"]
[White "liwadas82"]
[Black "RCompany_1"]
[Result "0-1"]
[WhiteElo "2451"]
[BlackElo "2454"]
[PlyCount "58"]
[EventDate "2021.??.??"]
[EventType "blitz"]

1. e4 e5 2. Nf3 d5 3. Nxe5 Bd6 4. d4 dxe4 5. Nc4 Be7 6. Nc3 Nf6 7. Bg5 O-O 8.
Be2 Nc6 9. d5 Nxd5 10. Qxd5 Bxg5 11. Qxd8 Rxd8 12. Nxe4 Be7 13. O-O Bf5 14. Ng3
Bxc2 15. Ne3 Bd3 16. Bxd3 Rxd3 17. Rfd1 Rad8 18. Kf1 g6 19. Rxd3 Rxd3 20. Ke2
Rd7 21. Rc1 f5 22. Nc4 Bf6 23. b3 Ne5 24. Nxe5 Bxe5 25. Nf1 c6 26. h3 Kf7 27.
Ne3 Bf6 28. f3 Bg5 29. Rd1 Re7 {Normal} 0-1

[Event "Rated Blitz game"]
[Site "?"]
[Date "2021.10.09"]
[Round "?"]
[White "kazlatan"]
[Black "emiliofelixramirez"]
[Result "1-0"]
[WhiteElo "2569"]
[BlackElo "2486"]
[PlyCount "75"]
[EventDate "2021.??.??"]
[EventType "blitz"]

1. e4 e5 2. Nf3 d5 3. d4 dxe4 4. Nxe5 Be6 5. Nc3 Nf6 6. Bg5 Be7 7. Bxf6 gxf6 8.
Nc4 f5 9. Qd2 c6 10. h4 Bxh4 11. Qh6 Bg5 12. Qg7 Qf6 13. Rxh7 Rxh7 14. Qxh7 Nd7
15. Nd6+ Ke7 16. Ndxe4 fxe4 17. Nxe4 Qf4 18. g3 Bf5 19. gxf4 Bxh7 20. Nxg5 Bxc2
21. Kd2 Bf5 22. Re1+ Kf6 23. Bc4 Rf8 24. Bd3 Bxd3 25. Kxd3 Rh8 26. Ne4+ Kf5 27.
Nd6+ Kxf4 28. Re7 Nb6 29. Rxf7+ Kg4 30. Nxb7 Rh3+ 31. f3+ Rxf3+ 32. Rxf3 Kxf3
33. Na5 Nd5 34. Nxc6 a6 35. a3 Kf4 36. Nb4 Nc7 37. Kc4 a5 38. Nd5+ {Time
forfeit} 1-0

[Event "Rated Blitz game"]
[Site "?"]
[Date "2021.10.09"]
[Round "?"]
[White "Abbas79"]
[Black "Annali-annaliew1979"]
[Result "0-1"]
[WhiteElo "2286"]
[BlackElo "2429"]
[PlyCount "42"]
[EventDate "2021.??.??"]
[EventType "blitz"]

1. e4 e5 2. Nf3 d5 3. Nxe5 Qe7 4. d4 f6 5. Qh5+ g6 6. Nxg6 Qxe4+ 7. Be2 Qxg6 8.
Qxd5 Ne7 9. Qf3 Nbc6 10. Be3 Bf5 11. c3 O-O-O 12. Nd2 Nd5 13. h3 h5 14. a4 Nxe3
15. fxe3 Re8 16. O-O Bd3 17. b4 Bh6 18. Nb3 Bxe2 19. Qxe2 Rxe3 20. Qd2 Rxh3 21.
Qe2 Be3+ {Normal} 0-1

[Event "Rated Blitz game"]
[Site "?"]
[Date "2021.10.09"]
[Round "?"]
[White "JeremyPietra"]
[Black "Rikoboy"]
[Result "0-1"]
[WhiteElo "2424"]
[BlackElo "2417"]
[PlyCount "48"]
[EventDate "2021.??.??"]
[EventType "blitz"]

1. e4 e5 2. Nf3 d5 3. d4 dxe4 4. Nxe5 Bd6 5. Nc4 Nf6 6. Nxd6+ Qxd6 7. Be2 O-O
8. Be3 Nc6 9. O-O Bf5 10. c4 Rad8 11. d5 Ne5 12. Nc3 a6 13. h3 h6 14. Rc1 Rfe8
15. Qb3 b6 16. Qa4 a5 17. Rfd1 Nd3 18. Bxd3 exd3 19. c5 bxc5 20. Qxa5 c4 21.
Qa4 Bxh3 22. Qxc4 Rxe3 23. fxe3 Qg3 24. Rd2 Qxe3+ {Normal} 0-1

[Event "Rated Blitz game"]
[Site "?"]
[Date "2021.10.09"]
[Round "?"]
[White "balanceisweakness"]
[Black "Lorian2514"]
[Result "0-1"]
[WhiteElo "2436"]
[BlackElo "2558"]
[PlyCount "82"]
[EventDate "2021.??.??"]
[EventType "blitz"]

1. e4 e5 2. Nf3 d5 3. Nxe5 Bd6 4. d4 dxe4 5. Nc4 Nf6 6. Nc3 Bf5 7. Bg5 Nc6 8.
d5 Ne5 9. Nxd6+ cxd6 10. Bb5+ Kf8 11. O-O a6 12. Be2 h5 13. Qd4 Ned7 14. f3 e3
15. Bxe3 Bxc2 16. Bg5 Rc8 17. Rae1 Bf5 18. Ne4 Bxe4 19. fxe4 Ne5 20. Bxf6 gxf6
21. Rf5 h4 22. Ref1 Rh6 23. Qe3 Kg7 24. Bd1 Qa5 25. Qf4 Qd8 26. Kh1 Rc4 27. Bb3
Rd4 28. Qf2 Rxe4 29. Bc2 Rc4 30. Bb1 b5 31. Qe2 Qc7 32. Qd2 Qc5 33. b3 Rd4 34.
Qe2 Qxd5 35. Rh5 Rd2 36. Rxe5 dxe5 37. Qg4+ Kf8 38. Qc8+ Qd8 39. Qc5+ Kg7 40.
Qc1 Qd5 41. Qe1 Qxg2# {Normal} 0-1

[Event "Rated Blitz game"]
[Site "?"]
[Date "2021.10.09"]
[Round "?"]
[White "Tuzibaba"]
[Black "Dzon_Vejn"]
[Result "1-0"]
[WhiteElo "2546"]
[BlackElo "2492"]
[PlyCount "45"]
[EventDate "2021.??.??"]
[EventType "blitz"]

1. e4 e5 2. Nf3 d5 3. exd5 e4 4. Qe2 Nf6 5. d3 Qxd5 6. Nbd2 Bb4 7. c3 O-O 8.
dxe4 Qe6 9. Qc4 Qxc4 10. Bxc4 Bc5 11. O-O Bg4 12. h3 Bxf3 13. gxf3 Nc6 14. Nb3
Bd6 15. Bg5 Ne5 16. Be2 Nh5 17. f4 Ng6 18. Bxh5 Bxf4 19. Bxg6 Bxg5 20. Bh5 g6
21. Bg4 f5 22. exf5 gxf5 23. Bf3 {Normal} 1-0

[Event "Rated Blitz tournament wmsrjTop"]
[Site "?"]
[Date "2021.10.09"]
[Round "?"]
[White "Shuhratullo"]
[Black "Annali-annaliew1979"]
[Result "0-1"]
[WhiteElo "2354"]
[BlackElo "2431"]
[PlyCount "80"]
[EventDate "2021.??.??"]
[EventType "blitz"]

1. e4 e5 2. Nf3 d5 3. Nc3 dxe4 4. Nxe4 f5 5. Ng3 e4 6. Ng1 Nf6 7. Bc4 Bc5 8. h3
Bxf2+ 9. Kxf2 Qd4+ 10. Ke1 Qxc4 11. d3 exd3 12. Qxd3 Qh4 13. N1e2 O-O 14. Bf4
Nc6 15. Kf2 Ne4+ 16. Kg1 Be6 17. Bxc7 Rad8 18. Bxd8 Rxd8 19. Qe3 Re8 20. Nxe4
fxe4 21. Kh2 Qf6 22. Rhf1 Qe5+ 23. Kh1 Bc4 24. c3 Bd3 25. Rae1 Qb5 26. b3 Qa5
27. Nc1 Bxf1 28. Rxf1 Qe5 29. b4 a6 30. Nb3 Ne7 31. Nc5 Nd5 32. Qf2 Nf6 33.
Nxb7 e3 34. Qe2 Qxc3 35. Nc5 Qxb4 36. Nd3 Qd2 37. Qxd2 exd2 38. Rd1 Re2 39. Kh2
Ne4 40. Nf4 Re1 {Normal} 0-1

[Event "Rated Blitz tournament wmsrjTop"]
[Site "?"]
[Date "2021.10.09"]
[Round "?"]
[White "Kudritsky_Maksim_04"]
[Black "Shuhratullo"]
[Result "1-0"]
[WhiteElo "2553"]
[BlackElo "2354"]
[PlyCount "77"]
[EventDate "2021.??.??"]
[EventType "blitz"]

1. e4 e5 2. Nf3 d5 3. Nxe5 Bd6 4. d4 dxe4 5. Nc4 Nf6 6. Nc3 O-O 7. Be2 h6 8.
Be3 Bf5 9. h3 Nc6 10. Qd2 Bg6 11. O-O-O a6 12. Nxd6 Qxd6 13. Bf4 Qe7 14. d5
Rad8 15. Qe3 Nb4 16. Bc4 b5 17. Bb3 a5 18. d6 cxd6 19. Nxb5 d5 20. a3 Nc6 21.
Nd4 Ne5 22. Bxe5 Qxe5 23. Nc6 Qd6 24. Nxd8 Rxd8 25. Rd4 Bf5 26. Rhd1 Be6 27.
Kb1 Qe5 28. Ra4 g5 29. Rxa5 Qc7 30. Qc5 Qd7 31. Ra7 Qe8 32. Qe7 Qxe7 33. Rxe7
Kf8 34. Rb7 d4 35. Bxe6 fxe6 36. Rb5 Ke7 37. a4 Nd5 38. Rxd4 Kd6 39. Rxe4 {
Normal} 1-0

[Event "Rated Blitz game"]
[Site "?"]
[Date "2021.10.09"]
[Round "?"]
[White "mihao"]
[Black "specialprize4u"]
[Result "0-1"]
[WhiteElo "2269"]
[BlackElo "2433"]
[PlyCount "116"]
[EventDate "2021.??.??"]
[EventType "blitz"]

1. e4 e5 2. Nf3 d5 3. Nxe5 Bd6 4. d4 dxe4 5. Nc3 Bxe5 6. dxe5 Qxd1+ 7. Kxd1 Nc6
8. Bf4 Bf5 9. Bb5 O-O-O+ 10. Kc1 Nd4 11. Bc4 b5 12. Nxb5 Ne7 13. Be3 Nec6 14.
Nxd4 Nxd4 15. Rd1 c5 16. c3 Ne6 17. Bxe6+ Bxe6 18. Rxd8+ Rxd8 19. Bxc5 Bg4 20.
Kc2 a6 21. h3 Be2 22. Bd4 Kd7 23. Kd2 Bc4 24. Ke3 Bd5 25. b3 Ke6 26. g4 h5 27.
gxh5 Rh8 28. Rg1 Rxh5 29. Rg3 g5 30. c4 Bc6 31. b4 Kf5 32. Bc3 Rh8 33. Kd4 Rc8
34. Bd2 Rd8+ 35. Kc3 Kxe5 36. Rxg5+ f5 37. Be3 Rd3+ 38. Kc2 Ra3 39. Kb2 Rd3 40.
h4 Kf6 41. Rh5 Be8 42. Rh6+ Ke5 43. Rxa6 f4 44. Bc5 Rd2+ 45. Kc1 Re2 46. h5
Bxh5 47. Ba7 Bf3 48. b5 e3 49. fxe3 fxe3 50. Bxe3 Rxe3 51. b6 Rc3+ 52. Kd2 Rxc4
53. a4 Kd4 54. a5 Be4 55. Ra7 Rc2+ 56. Kd1 Ke3 57. Re7 Ra2 58. b7 Ra1# {Normal}
0-1

[Event "Rated Blitz tournament wmsrjTop"]
[Site "?"]
[Date "2021.10.09"]
[Round "?"]
[White "Cookie2015"]
[Black "batasjon"]
[Result "1/2-1/2"]
[WhiteElo "2506"]
[BlackElo "2418"]
[PlyCount "183"]
[EventDate "2021.??.??"]
[EventType "blitz"]

1. e4 e5 2. Nf3 d5 3. Nxe5 Bd6 4. d4 dxe4 5. Nc3 Nf6 6. Bc4 O-O 7. O-O Nbd7 8.
Bf4 Qe7 9. Nxd7 Bxd7 10. Bg5 Bc6 11. Re1 h6 12. Bh4 g5 13. Bg3 Bf4 14. d5 Rad8
15. Bxf4 gxf4 16. Qd4 b5 17. Bb3 b4 18. Nxe4 Nxe4 19. Qxe4 Qxe4 20. Rxe4 Bxd5
21. Rxb4 Bxb3 22. axb3 Rd2 23. Rc1 Re8 24. Rxf4 Rxc2 25. Ra1 Ree2 26. g3 Rxb2
27. Rxa7 Rec2 28. b4 Kg7 29. Kg2 Kg6 30. h4 h5 31. Ra6+ c6 32. Rb6 f6 33. b5 c5
34. Rbxf6+ Kg7 35. Rf7+ Kg8 36. Rf8+ Kg7 37. R4f7+ Kg6 38. Rf6+ Kg7 39. b6 Rxb6
40. R8f7+ Kg8 41. Rxb6 Kxf7 42. Rh6 c4 43. Rxh5 Ke6 44. Rc5 Kd6 45. Rc8 Kd7 46.
Rc5 Kd6 47. Ra5 c3 48. h5 Rb2 49. Ra3 c2 50. Rc3 Ke5 51. h6 Kf6 52. g4 Kg6 53.
Rc6+ Kg5 54. Kg3 Rb3+ 55. f3 c1=Q 56. Rxc1 Kxh6 57. Rc5 Kg6 58. Rf5 Rb1 59. Kf4
Rb4+ 60. Kg3 Rb3 61. Rc5 Ra3 62. Rc6+ Kg5 63. Rc5+ Kf6 64. Rf5+ Kg6 65. Kh3 Rb3
66. Kh4 Rb1 67. f4 Rh1+ 68. Kg3 Rg1+ 69. Kf3 Rf1+ 70. Kg2 Ra1 71. Rg5+ Kf6 72.
Kg3 Rh1 73. Kf3 Rf1+ 74. Kg3 Rg1+ 75. Kf2 Rh1 76. Rf5+ Kg6 77. Ra5 Rh2+ 78. Kg3
Rb2 79. Ra6+ Kg7 80. Kh4 Rh2+ 81. Kg5 Rb2 82. f5 Rb7 83. Rg6+ Kf7 84. Rh6 Kg7
85. Rg6+ Kf7 86. Rh6 Rb5 87. Rf6+ Kg7 88. Rh6 Rb1 89. Rg6+ Kh7 90. Rf6 Rb7 91.
Rh6+ Kg7 92. Rg6+ {Normal} 1/2-1/2

[Event "Rated Blitz game"]
[Site "?"]
[Date "2021.10.09"]
[Round "?"]
[White "Laschon"]
[Black "Benny_Watts_2005"]
[Result "1/2-1/2"]
[WhiteElo "2416"]
[BlackElo "2416"]
[PlyCount "116"]
[EventDate "2021.??.??"]
[EventType "blitz"]

1. e4 e5 2. Nf3 d5 3. Nxe5 Bd6 4. d4 dxe4 5. Nc3 Bxe5 6. dxe5 Qxd1+ 7. Nxd1 Nc6
8. Bf4 Nge7 9. Bb5 Bd7 10. Bxc6 Bxc6 11. Nc3 Ng6 12. Bg3 O-O 13. O-O-O Rfe8 14.
e6 Rxe6 15. Bxc7 h5 16. Rhe1 Rc8 17. Ba5 b6 18. Bb4 a5 19. Ba3 b5 20. Bc5 b4
21. Ne2 Ba4 22. b3 Bxb3 23. axb3 Rxc5 24. Rd8+ Kh7 25. Nd4 Re7 26. g3 Ne5 27.
Kb2 Nc6 28. Nxc6 Rxc6 29. Rd5 Rec7 30. Re2 g6 31. Rxa5 f5 32. Rb5 Rc3 33. Rxb4
Rf3 34. c4 Rd7 35. Rb6 Rfd3 36. Kc2 Rc7 37. b4 Rxc4+ 38. Kb2 Rcd4 39. Rb7+ Kh6
40. Kc2 Rc4+ 41. Kb2 Rcc3 42. b5 Rb3+ 43. Ka2 Ra3+ 44. Kb2 Rdb3+ 45. Kc2 Rb4
46. Rb8 Rab3 47. h4 Rxb5 48. Rh8+ Kg7 49. Rc8 Rb2+ 50. Kd1 Rxe2 51. Kxe2 Rb2+
52. Ke3 Rb3+ 53. Ke2 Kf6 54. Rc6+ Kf7 55. Rc7+ Ke6 56. Rc6+ Kf7 57. Rc7+ Ke6
58. Rc6+ Kf7 {Normal} 1/2-1/2

[Event "Rated Blitz game"]
[Site "?"]
[Date "2021.10.09"]
[Round "?"]
[White "Nenidon_Andriy"]
[Black "planetchuky"]
[Result "1-0"]
[WhiteElo "2611"]
[BlackElo "2476"]
[PlyCount "95"]
[EventDate "2021.??.??"]
[EventType "blitz"]

1. e4 e5 2. Nf3 d5 3. d4 dxe4 4. Nxe5 Be6 5. Nc3 Bb4 6. a3 Bxc3+ 7. bxc3 Nd7 8.
Nc4 Nb6 9. Ne3 Nf6 10. a4 Nbd5 11. c4 Nxe3 12. Bxe3 c6 13. Be2 O-O 14. O-O Qa5
15. Qb1 b6 16. h3 Rfd8 17. Rd1 Rac8 18. Qb3 Rd7 19. c3 h5 20. Qb4 Qf5 21. a5 b5
22. cxb5 Nd5 23. Qc5 Nxe3 24. fxe3 Qxc5 25. dxc5 Rxd1+ 26. Rxd1 cxb5 27. Bxb5
Rxc5 28. c4 g6 29. Rd4 a6 30. Bxa6 Rxa5 31. Bb5 f5 32. h4 Kf7 33. Kf2 Ra2+ 34.
Kg3 Rc2 35. Kf4 Rc3 36. g3 Rc2 37. Ke5 Rf2 38. Rd6 Bc8 39. Rd8 Rf3 40. Rxc8
Rxe3 41. Rc7+ Kf8 42. c5 Rxg3 43. c6 Rc3 44. Rd7 Rc5+ 45. Kd6 Rxb5 46. c7 Rb6+
47. Kc5 Rb1 48. c8=Q# {Normal} 1-0